Normal view MARC view
  • Udaykumar Padmaja

Entry Personal Name

Number of records used in: 5

001 - CONTROL NUMBER

  • control field: 179457

003 - CONTROL NUMBER IDENTIFIER

  • control field: OSt

005 - DATE AND TIME OF LATEST TRANSACTION

  • control field: 20230314152722.0

008 - FIXED-LENGTH DATA ELEMENTS

  • fixed length control field: 230314|| aca||aabn | a|a d

040 ## - CATALOGING SOURCE

  • Original cataloging agency: OSt
  • Transcribing agency: OSt

100 ## - HEADING--PERSONAL NAME

  • Personal name: Udaykumar Padmaja

670 ## - SOURCE DATA FOUND

  • Source citation: Work cat.: (OSt)141259: Udaykumar Padmaja, Pharmacology for Nurses, 2013